[Event "Baer Polgar Challenge"]
[Site "chess24.com INT"]
[Date "2021.04.10"]
[Round "11.7"]
[White "Keymer, Vincent"]
[Black "Nihal, Sarin"]
[Result "1/2-1/2"]
[WhiteTitle "GM"]
[BlackTitle "GM"]
[WhiteElo "2591"]
[BlackElo "2620"]
[WhiteFideId "12940690"]
[BlackFideId "25092340"]
[EventDate "2021.04.08"]

1. d4 Nf6 2. c4 e6 3. Nf3 d5 4. Nc3 c6 5. Bg5 Nbd7 6. cxd5 exd5 7. Qc2 Be7 8. e3
O-O 9. Bd3 Re8 10. h3 Nf8 11. O-O Ng6 12. Ne5 Nd7 13. Bxe7 Qxe7 14. f4 Ngf8 15.
e4 Qb4 16. Nf3 dxe4 17. Nxe4 h6 18. Rae1 Ne6 19. a3 Qf8 20. f5 Nf4 21. Bc4 Nb6
22. Ba2 Bxf5 23. Nf6+ gxf6 24. Qxf5 Qd6 25. Rxe8+ Rxe8 26. Qg4+ Kf8 27. Qh4 Kg7
28. Qg4+ Kf8 29. Qh4 f5 30. Kh1 Re4 31. Ne5 Ne2 32. Qf2 Qxd4 33. Nxf7 Qxf2 34.
Rxf2 Ng3+ 35. Kh2 f4 36. Nxh6 Nd5 37. Bxd5 cxd5 38. Ng4 Ke7 39. Rf3 d4 40. h4
Ke6 41. Nf2 Re3 42. Rxf4 d3 43. Ng4 Ne2 44. Rf6+ Ke7 45. Rf1 Re4 46. Kh3 Nf4+
47. Kh2 Ne2 48. Kh3 Nf4+ 49. Kh2 Ne2 1/2-1/2

[Event "Baer Polgar Challenge"]
[Site "chess24.com INT"]
[Date "2021.04.10"]
[Round "11.10"]
[White "Khademalsharieh, Sarasadat"]
[Black "Abdusattorov, Nodirbek"]
[Result "1/2-1/2"]
[WhiteTitle "IM"]
[BlackTitle "GM"]
[WhiteElo "2494"]
[BlackElo "2627"]
[WhiteFideId "12512214"]
[BlackFideId "14204118"]
[EventDate "2021.04.08"]

1. d4 Nf6 2. c4 e6 3. Nf3 d5 4. Nc3 c5 5. cxd5 Nxd5 6. e4 Nxc3 7. bxc3 cxd4 8.
cxd4 Bb4+ 9. Bd2 Bxd2+ 10. Qxd2 O-O 11. Bc4 Nd7 12. O-O b6 13. Rfe1 Bb7 14. Rad1
Rc8 15. Bb3 h6 16. Re3 Re8 17. h3 Nf6 18. Rde1 Qc7 19. a4 Red8 20. Qb2 Qe7 21.
Qd2 a5 22. d5 exd5 23. exd5 Qb4 24. Qxb4 axb4 25. Rd1 Bxd5 26. Bxd5 Nxd5 27.
Red3 Rc5 28. Rd4 b3 29. Rb1 Re8 30. Rxb3 Re2 31. Rbd3 Nc3 32. Rb4 Ne4 33. Re3
Rxe3 34. fxe3 Nc3 35. Rxb6 Nxa4 36. Rb8+ Kh7 37. Rb7 Kg6 38. Ra7 Nc3 39. Ra6+ f6
40. Ra7 h5 41. Nh4+ Kh6 42. Nf3 Nd5 43. e4 Nf4 44. Nh4 g6 45. Ra6 Rc2 46. Rxf6
Kg5 47. e5 Ne2+ 48. Kh2 Kxh4 49. Rf2 Kg5 50. e6 Rc7 51. Rxe2 Kf6 52. Kg3 Re7 53.
Kh4 Rxe6 54. Rxe6+ Kxe6 55. Kg5 Kf7 56. Kh6 Kf6 57. g4 hxg4 58. hxg4 g5 59. Kh5
Kf7 60. Kxg5 Kg7 61. Kh5 Kh7 62. g5 Kg7 63. g6 Kg8 64. Kh6 Kh8 65. g7+ Kg8 66.
Kg6 1/2-1/2

[Event "Baer Polgar Challenge"]
[Site "chess24.com INT"]
[Date "2021.04.10"]
[Round "12.1"]
[White "Zhu, Jiner"]
[Black "Abdusattorov, Nodirbek"]
[Result "0-1"]
[WhiteTitle "WGM"]
[BlackTitle "GM"]
[WhiteElo "2459"]
[BlackElo "2627"]
[WhiteFideId "8608059"]
[BlackFideId "14204118"]
[EventDate "2021.04.08"]

1. e4 c6 2. d4 d5 3. e5 Bf5 4. Nf3 e6 5. Be2 c5 6. Be3 cxd4 7. Nxd4 Ne7 8. O-O
Nbc6 9. Bb5 Bg6 10. c4 a6 11. cxd5 axb5 12. dxc6 bxc6 13. Nc3 Qd7 14. Rc1 b4 15.
Na4 Nd5 16. Nxc6 Rc8 17. Nd4 Be7 18. Rxc8+ Qxc8 19. Qc1 O-O 20. Nc6 Bh4 21. Qc4
Qd7 22. Rc1 Nxe3 23. Qxh4 Qd2 24. Ne7+ Kh8 25. Ra1 Nd1 26. f3 Bc2 27. b3 g5 28.
Qg3 Qe3+ 29. Kh1 Nf2+ 0-1

[Event "Baer Polgar Challenge"]
[Site "chess24.com INT"]
[Date "2021.04.10"]
[Round "12.4"]
[White "Nihal, Sarin"]
[Black "Mendonca, Leon Luke"]
[Result "1/2-1/2"]
[WhiteTitle "GM"]
[BlackTitle "IM"]
[WhiteElo "2620"]
[BlackElo "2549"]
[WhiteFideId "25092340"]
[BlackFideId "35028561"]
[EventDate "2021.04.08"]

1. d4 Nf6 2. c4 c6 3. Bf4 Qb6 4. Nc3 Qxb2 5. Bd2 Qb6 6. Nf3 d6 7. Rb1 Qc7 8. e4
e5 9. h3 Nbd7 10. Be2 Be7 11. O-O O-O 12. Be3 exd4 13. Nxd4 Re8 14. f4 Bf8 15.
Qc2 Nc5 16. Bf3 Qe7 17. Rbe1 Nfxe4 18. Nxc6 bxc6 19. Bxc5 dxc5 20. Bxe4 Qd7 21.
Bxh7+ Kh8 22. Be4 Ba6 23. Qf2 Qd4 24. Bxc6 Rxe1 25. Rxe1 Rc8 26. Bb5 Bxb5 27.
Nxb5 Qxc4 28. Nxa7 Ra8 29. Nc6 Kg8 30. Re2 Qd5 31. Ne5 c4 32. Qf3 Qd1+ 33. Kh2
c3 34. Qxa8 Qxe2 35. Qd5 c2 36. Qxf7+ Kh7 37. Qf5+ Kg8 38. Qe6+ Kh7 39. Qc6 Qd1
40. Qg6+ Kg8 41. Qf7+ Kh7 42. Qf5+ Kg8 43. Qe6+ Kh7 44. Qg6+ Kg8 45. Qe6+ Kh7
46. Qg6+ 1/2-1/2

[Event "Baer Polgar Challenge"]
[Site "chess24.com INT"]
[Date "2021.04.10"]
[Round "12.8"]
[White "Praggnanandhaa, R"]
[Black "Shuvalova, Polina"]
[Result "1-0"]
[WhiteTitle "GM"]
[BlackTitle "IM"]
[WhiteElo "2608"]
[BlackElo "2476"]
[WhiteFideId "25059530"]
[BlackFideId "24171760"]
[EventDate "2021.04.08"]

1. Nf3 Nf6 2. g3 d5 3. Bg2 e6 4. O-O Be7 5. c4 O-O 6. b3 b6 7. Bb2 Bb7 8. cxd5
Nxd5 9. d4 Nf6 10. Na3 Nbd7 11. Rc1 c5 12. Nc4 Rc8 13. e3 cxd4 14. Nxd4 Bxg2 15.
Kxg2 Nc5 16. Qf3 Nd3 17. Nc6 Rxc6 18. Qxc6 Nxc1 19. Rxc1 Qd5+ 20. Qxd5 Nxd5 21.
Ne5 Bd6 22. Nc6 a5 23. Bd4 f5 24. f3 Ba3 25. Rc2 Bc5 26. Bxc5 bxc5 27. Rxc5 a4
28. bxa4 Nxe3+ 29. Kf2 Nd5 30. a5 Ra8 31. Ke2 Kf7 32. Kd3 Ra6 33. Kc4 Kf6 34.
Nb4 Nxb4 35. Kxb4 Ra8 36. f4 Rb8+ 37. Rb5 Rd8 38. a6 Rd2 39. a4 1-0

[Event "Baer Polgar Challenge"]
[Site "chess24.com INT"]
[Date "2021.04.10"]
[Round "13.4"]
[White "Bjerre, Jonas Buhl"]
[Black "Praggnanandhaa, R"]
[Result "0-1"]
[WhiteTitle "GM"]
[BlackTitle "GM"]
[WhiteElo "2550"]
[BlackElo "2608"]
[WhiteFideId "1444948"]
[BlackFideId "25059530"]
[EventDate "2021.04.08"]

1. d4 Nf6 2. c4 g6 3. Nc3 Bg7 4. e4 d6 5. Nf3 O-O 6. Be2 Nbd7 7. O-O e5 8. Be3
c6 9. d5 c5 10. Ne1 Kh8 11. g4 Ng8 12. Qd2 f5 13. gxf5 gxf5 14. exf5 Ne7 15. Kh1
Nf6 16. Bd3 Bxf5 17. Rg1 e4 18. Be2 Ng6 19. Rg5 Qd7 20. Nc2 Rf7 21. Rag1 Raf8
22. Qe1 Ne5 23. Qf1 Nf3 24. Bxf3 exf3 25. Ne1 Ng4 26. Bf4 Bd4 27. Bg3 Rf6 28.
Nxf3 Bxc3 29. Nh4 Be4+ 30. f3 Rxf3 31. Nxf3 Rxf3 32. Qg2 Rxg3 0-1

[Event "Baer Polgar Challenge"]
[Site "chess24.com INT"]
[Date "2021.04.10"]
[Round "13.8"]
[White "Abdumalik, Zhansaya"]
[Black "Nihal, Sarin"]
[Result "1/2-1/2"]
[WhiteTitle "IM"]
[BlackTitle "GM"]
[WhiteElo "2472"]
[BlackElo "2620"]
[WhiteFideId "13703544"]
[BlackFideId "25092340"]
[EventDate "2021.04.08"]

1. e4 c6 2. d4 d5 3. Nd2 dxe4 4. Nxe4 Nf6 5. Ng3 h5 6. h4 Bg4 7. Be2 Nbd7 8. Nf3
Qc7 9. Qd3 e6 10. Bd2 Bd6 11. Nf1 e5 12. Nxe5 Bxe5 13. Bxg4 Nxg4 14. dxe5 O-O-O
15. Qa3 Qxe5+ 16. Ne3 a6 17. Qc3 Qxc3 18. Bxc3 Nxe3 19. fxe3 Rhe8 20. Bxg7 Rxe3+
21. Kf2 Re6 22. Rad1 Rg8 23. Bd4 Reg6 24. Rhg1 Rg4 25. g3 f5 26. Be3 Nf6 27. Bf4
Nd5 28. Bg5 Re8 29. Rge1 Rge4 30. a3 Kd7 31. Rxe4 Rxe4 32. Rd3 Ke6 33. b3 b5 34.
Rd2 a5 35. Re2 a4 36. Kf3 b4 37. Bc1 Nc3 38. Rxe4+ fxe4+ 39. Ke3 bxa3 40. Bxa3
axb3 41. cxb3 Kf5 42. Bd6 Nd5+ 43. Kd4 e3 44. Kd3 Kg4 45. Ke2 Kf5 46. Kf3 e2 47.
Kxe2 Ke4 48. Kd2 Nf6 1/2-1/2

[Event "Baer Polgar Challenge"]
[Site "chess24.com INT"]
[Date "2021.04.10"]
[Round "13.10"]
[White "Abdusattorov, Nodirbek"]
[Black "Murzin, Volodar"]
[Result "1-0"]
[WhiteTitle "GM"]
[BlackTitle "IM"]
[WhiteElo "2627"]
[BlackElo "2478"]
[WhiteFideId "14204118"]
[BlackFideId "44155573"]
[EventDate "2021.04.08"]

1. e4 c6 2. d4 d5 3. exd5 cxd5 4. c4 Nf6 5. Nc3 g6 6. Qb3 Bg7 7. cxd5 O-O 8. g3
a5 9. Bg2 a4 10. Nxa4 Nxd5 11. Ne2 e6 12. O-O Nc6 13. Nac3 Re8 14. Rd1 Bd7 15.
Nxd5 exd5 16. Be3 Bg4 17. Nc3 Bxd1 18. Rxd1 Ne7 19. Nxd5 Nxd5 20. Bxd5 Qd7 21.
Kg2 Red8 22. Bf3 Ra5 23. a3 Rb5 24. Qc2 Rc8 25. Qa4 Rd5 26. Qxd7 Rxd7 27. Rd2
Bf8 28. Bg4 f5 29. Bd1 Kg7 30. Bb3 Rdd8 31. Be6 Rc7 32. d5 Rc4 33. Bd4+ Kh6 34.
Bf6 Rd6 35. Be5 Rd8 36. h4 Bd6 37. Bc3 Re8 38. Rd3 Ra8 39. Kh3 Re8 40. f3 f4 41.
g4 g5 42. Bf6 gxh4 43. Bf7 Re5 44. Kxh4 Be7 45. g5+ Rxg5 46. Bxe7 Rg1 47. Bf8+ 1-0

[Event "Baer Polgar Challenge"]
[Site "chess24.com INT"]
[Date "2021.04.10"]
[Round "14.1"]
[White "Zhu, Jiner"]
[Black "Murzin, Volodar"]
[Result "0-1"]
[WhiteTitle "WGM"]
[BlackTitle "IM"]
[WhiteElo "2459"]
[BlackElo "2478"]
[WhiteFideId "8608059"]
[BlackFideId "44155573"]
[EventDate "2021.04.08"]

1. e4 c6 2. d4 d5 3. e5 Bf5 4. Nf3 e6 5. Be2 Ne7 6. O-O c5 7. dxc5 Nbc6 8. c4
dxc4 9. Bxc4 Ng6 10. Be3 Be7 11. Nc3 O-O 12. Be2 Ngxe5 13. Nxe5 Nxe5 14. f4 Qxd1
15. Raxd1 Ng4 16. Bxg4 Bxg4 17. Rd7 Bf6 18. Rxb7 Bxc3 19. bxc3 Bf5 20. c6 Be4
21. Rxa7 Bxc6 22. Rd1 Bd5 23. a3 Rab8 24. Bc5 Rfc8 25. Bb4 h6 26. Rd4 Rc4 27.
Rxc4 Bxc4 28. Rc7 Bb3 29. Rd7 Rc8 30. Kf2 Rc4 31. Ke3 Rc6 32. g3 f6 33. Ra7 Rc8
34. Rd7 Ba4 35. Rd6 Bb3 36. Kd4 Rc4+ 37. Kd3 Rc8 38. Rd7 Ba4 39. Rd4 Kf7 40. Bd6
Bc6 41. c4 g5 42. Kc3 Kg6 43. c5 Ra8 44. Kb3 Kf5 45. a4 e5 46. fxe5 fxe5 47. g4+
Ke6 48. Rb4 Kd5 49. Kc3 Bxa4 50. Rb2 Bc6 51. Rd2+ Ke6 52. Re2 e4 53. Kd4 Ra4+
54. Ke3 Ra3+ 55. Kd4 Rd3+ 56. Kc4 Bd5+ 57. Kb4 Rb3+ 58. Ka5 e3 59. Bg3 Bc4 60.
Rc2 Rb5+ 61. Ka4 Rxc5 62. Kb4 Kd5 63. Rc1 Rb5+ 64. Kc3 Rb3+ 65. Kc2 Ke4 66. Ra1
Rb6 67. Ra7 Bd3+ 68. Kc3 Rc6+ 69. Kb4 Kf3 70. Re7 e2 71. Rd7 Be4 72. Re7 Rc1 73.
Re6 Rg1 74. Rf6+ Kxg4 75. Re6 Rxg3 0-1

[Event "Baer Polgar Challenge"]
[Site "chess24.com INT"]
[Date "2021.04.10"]
[Round "14.2"]
[White "Mammadzada, Gunay"]
[Black "Abdusattorov, Nodirbek"]
[Result "0-1"]
[WhiteTitle "IM"]
[BlackTitle "GM"]
[WhiteElo "2443"]
[BlackElo "2627"]
[WhiteFideId "13403729"]
[BlackFideId "14204118"]
[EventDate "2021.04.08"]

1. e4 e5 2. Nf3 Nc6 3. Bb5 a6 4. Ba4 d6 5. O-O Bd7 6. c3 g5 7. d4 g4 8. Ne1 Bg7
9. dxe5 Nxe5 10. Bxd7+ Qxd7 11. Nd3 h5 12. Nxe5 Bxe5 13. Nd2 O-O-O 14. Nc4 Bg7
15. Bg5 Re8 16. f3 h4 17. fxg4 h3 18. g3 Rxe4 19. Qd5 Qe6 20. Qxe6+ fxe6 21. Rf4
Re2 22. Raf1 b5 23. Na5 Nh6 24. R1f2 Re5 25. Bh4 Re1+ 26. Rf1 Rxf1+ 27. Kxf1 e5
28. Rf3 Nxg4 29. Kg1 Bh6 30. Nc6 e4 31. Rf7 e3 32. Kf1 Nxh2+ 33. Ke2 Ng4 34.
Ne7+ Kb7 0-1

[Event "Baer Polgar Challenge"]
[Site "chess24.com INT"]
[Date "2021.04.10"]
[Round "14.3"]
[White "Nihal, Sarin"]
[Black "Khademalsharieh, Sarasadat"]
[Result "1-0"]
[WhiteTitle "GM"]
[BlackTitle "IM"]
[WhiteElo "2620"]
[BlackElo "2494"]
[WhiteFideId "25092340"]
[BlackFideId "12512214"]
[EventDate "2021.04.08"]

1. Nf3 d5 2. b3 Nf6 3. Bb2 g6 4. c4 dxc4 5. bxc4 Bg7 6. g3 O-O 7. Bg2 c5 8. O-O
Nc6 9. d3 e6 10. Nbd2 Qe7 11. Rb1 Rd8 12. Ne5 Nxe5 13. Bxe5 Ne8 14. Bxg7 Kxg7
15. Qa4 Nd6 16. Qa5 Nf5 17. Nb3 Nd4 18. Rfe1 Nxb3 19. Rxb3 Rd7 20. Reb1 Rc7 21.
h4 h5 22. Bf3 e5 23. Bd5 Qd7 24. Rb5 Qe7 25. Qa3 Kh7 26. Qa5 Kg7 27. Kg2 Kh7 28.
Qa3 Kg7 29. Ra5 a6 30. Rb6 Ra7 31. Qb2 Kh7 32. Ra3 Ra8 33. Rab3 Ra7 34. Qc1 Kg7
35. Qe3 Ra8 36. Rb1 Ra7 37. Qd2 Ra8 38. a4 Ra7 39. a5 Kh7 40. Qe3 Rd7 41. Qf3
Kg7 42. Qe3 Rc7 43. f3 Rd7 44. Qg5 Qxg5 45. hxg5 Rc7 46. Kf2 Kf8 47. Ke3 Re7 48.
Kf2 Rc7 49. e4 Re7 50. Ke3 Ke8 51. Rd6 Be6 52. Rbb6 Bxd5 53. Rxd5 Ra8 54. Rxc5
Rd8 55. Rd5 Rc8 56. f4 exf4+ 57. Kxf4 Rcc7 58. c5 Re6 59. d4 Ree7 60. Rdd6 Kf8
61. e5 Ke8 62. Ke4 Kf8 63. Rd8+ Kg7 64. Rbd6 Kh7 65. Rb8 Red7 66. d5 1-0

[Event "Baer Polgar Challenge"]
[Site "chess24.com INT"]
[Date "2021.04.10"]
[Round "14.7"]
[White "Praggnanandhaa, R"]
[Black "Gukesh, D"]
[Result "1/2-1/2"]
[WhiteTitle "GM"]
[BlackTitle "GM"]
[WhiteElo "2608"]
[BlackElo "2578"]
[WhiteFideId "25059530"]
[BlackFideId "46616543"]
[EventDate "2021.04.08"]

1. d4 d5 2. c4 e6 3. Nf3 Nf6 4. Nc3 c5 5. cxd5 exd5 6. Bg5 Be6 7. Bxf6 Qxf6 8.
e4 dxe4 9. Nxe4 Qf4 10. Bb5+ Nc6 11. Qe2 O-O-O 12. Bxc6 bxc6 13. O-O Bd5 14.
Rfe1 cxd4 15. Qa6+ Kb8 16. Nxd4 Bb4 17. g3 Qc7 18. Nc3 Bxc3 19. bxc3 Rhe8 20. c4
Rxe1+ 21. Rxe1 Bh1 22. Kxh1 Rxd4 23. Re8+ Rd8 24. Rxd8+ Qxd8 25. Qxc6 Qc7 26.
Qd5 Qb7 27. Kg2 Qc7 28. Kf3 g6 29. c5 Kc8 30. h4 h5 31. Ke4 Qe7+ 32. Kd3 Kc7 33.
f4 f6 34. f5 gxf5 35. Qxf5 Qe1 36. Qf4+ Kc8 37. Kc4 Qe2+ 38. Kb3 Qb5+ 39. Qb4
Qd3+ 40. Qc3 Qb5+ 41. Ka3 Qa6+ 42. Kb2 Qe2+ 43. Qc2 Qe5+ 44. Qc3 Qe2+ 45. Ka3
Qa6+ 46. Kb2 Qe2+ 1/2-1/2

[Event "Baer Polgar Challenge"]
[Site "chess24.com INT"]
[Date "2021.04.10"]
[Round "15.1"]
[White "Yoo, Christopher Woojin"]
[Black "Zhu, Jiner"]
[Result "1/2-1/2"]
[WhiteTitle "IM"]
[BlackTitle "WGM"]
[WhiteElo "2455"]
[BlackElo "2459"]
[WhiteFideId "30909694"]
[BlackFideId "8608059"]
[EventDate "2021.04.08"]

1. e4 e5 2. Nf3 Nc6 3. Bb5 a6 4. Ba4 Nf6 5. d4 exd4 6. O-O Be7 7. e5 Ne4 8. Nxd4
Nxd4 9. Qxd4 Nc5 10. Nc3 O-O 11. Bb3 d6 12. Bf4 dxe5 13. Qxe5 Bd6 14. Qd4 Bxf4
15. Qxf4 Nxb3 16. axb3 Be6 17. Rfe1 Qd7 18. Rad1 Qc6 19. Rd3 Rad8 20. Rg3 f6 21.
h4 Kh8 22. Rge3 Rfe8 23. Qa4 Bd7 24. Rxe8+ Rxe8 25. Rxe8+ Bxe8 26. Qb4 Kg8 27.
Qe7 Qd7 28. Qe4 c6 29. Qf4 Bg6 30. Ne4 Bxe4 31. Qxe4 h6 32. g3 Kf7 33. Kg2 Qd6
34. b4 Qd7 35. h5 Qd6 36. c3 Qd7 37. g4 Qd6 38. Qg6+ Kf8 39. Qf5 Kf7 40. Qe4 Qd7
41. Qf4 Qd5+ 42. Kg3 Qd3+ 43. f3 Qd7 44. Qc4+ Kf8 45. Qf4 Kf7 46. Kf2 Kf8 47.
Ke3 Qe6+ 48. Qe4 Qd6 49. Qf5 Qe7+ 50. Kf2 Kf7 51. Qg6+ Kf8 52. Qd3 Qc7 53. Ke3
Qe5+ 54. Qe4 Qd6 55. Qd4 Qe6+ 56. Kf2 Qb3 57. Qd8+ Kf7 58. Qd7+ Kg8 59. Qe8+ Kh7
60. Qg6+ Kh8 61. Qe8+ Kh7 62. Qe2 Kh8 63. Kg3 Qf7 64. Qe4 Qb3 65. Qe2 Kh7 66. f4
Qd5 67. Qf3 Qd2 68. Qf2 Qd3+ 69. Kg2 Qe4+ 70. Kg3 Qd3+ 71. Qf3 Qc2 72. Qg2 Qd3+
73. Qf3 Qc2 74. Qf2 Qd3+ 1/2-1/2

[Event "Baer Polgar Challenge"]
[Site "chess24.com INT"]
[Date "2021.04.10"]
[Round "15.5"]
[White "Keymer, Vincent"]
[Black "Praggnanandhaa, R"]
[Result "1-0"]
[WhiteTitle "GM"]
[BlackTitle "GM"]
[WhiteElo "2591"]
[BlackElo "2608"]
[WhiteFideId "12940690"]
[BlackFideId "25059530"]
[EventDate "2021.04.08"]

1. Nf3 Nf6 2. c4 g6 3. Nc3 Bg7 4. g3 O-O 5. Bg2 d6 6. d4 Nc6 7. O-O e5 8. dxe5
dxe5 9. Bg5 h6 10. Qxd8 Rxd8 11. Bxf6 Bxf6 12. Nd5 Kg7 13. Nxc7 Rb8 14. Nd5 e4
15. Nd2 e3 16. Nxf6 exd2 17. Nd5 Bg4 18. f3 Be6 19. e4 Na5 20. Rfd1 Nxc4 21. b3
Bxd5 22. exd5 Ne3 23. Rxd2 Rxd5 24. Rxd5 Nxd5 25. Rc1 Nf6 26. f4 Ne8 27. Kf2 b6
28. Bf3 Rd8 29. Ke3 Kf8 30. Rc4 Nd6 31. Rc7 Nf5+ 32. Ke4 a5 33. Bg4 Re8+ 34. Kd3
Rd8+ 35. Kc3 Ne3 36. Bf3 Rd6 37. a4 h5 38. b4 axb4+ 39. Kxb4 Rd2 40. Kb5 Rb2+
41. Ka6 Rxh2 42. Kxb6 Rh3 43. Rc3 Nf5 44. a5 Rxg3 45. a6 Ne7 46. a7 Rxf3 47.
a8=Q+ 1-0

[Event "Baer Polgar Challenge"]
[Site "chess24.com INT"]
[Date "2021.04.10"]
[Round "15.9"]
[White "Abdusattorov, Nodirbek"]
[Black "Nihal, Sarin"]
[Result "0-1"]
[WhiteTitle "GM"]
[BlackTitle "GM"]
[WhiteElo "2627"]
[BlackElo "2620"]
[WhiteFideId "14204118"]
[BlackFideId "25092340"]
[EventDate "2021.04.08"]

1. e4 e5 2. Nf3 Nc6 3. Bb5 a6 4. Bxc6 dxc6 5. O-O Bd6 6. d4 exd4 7. Qxd4 f6 8.
Be3 Ne7 9. Nbd2 Be6 10. Qc3 Ng6 11. Rad1 Qe7 12. Nd4 Bb4 13. Qd3 Ne5 14. Qe2
Bxd2 15. Qxd2 O-O-O 16. Qc3 g5 17. f3 Rhg8 18. b3 h5 19. Rd2 Rd7 20. Rfd1 Rgd8
21. Nxe6 Rxd2 22. Rxd2 Rxd2 23. Qxd2 Qxe6 24. Bd4 b6 25. Kf2 c5 26. Bc3 a5 27.
Qd5 Qe7 28. h4 gxh4 29. f4 Ng4+ 30. Ke2 Qe8 31. Be1 Kb8 32. Bxh4 a4 33. e5 axb3
34. axb3 fxe5 35. f5 Qb5+ 36. Qd3 Qc6 37. Qf3 e4 38. Qf4 e3 39. Qf3 Qb5+ 40. c4
Qxb3 41. Qd5 Qc2+ 42. Kf3 Qb1 43. Kf4 e2 44. Qd8+ Kb7 45. Qd5+ Kb8 46. Qd8+ Kb7
47. Qd5+ Ka7 48. Qd2 Qf1+ 49. Kg5 Nf2 50. Qf4 Qxg2+ 51. Bg3 Nh3+ 0-1

[Event "Baer Polgar Challenge"]
[Site "chess24.com INT"]
[Date "2021.04.11"]
[Round "16.1"]
[White "Zhu, Jiner"]
[Black "Mammadzada, Gunay"]
[Result "1-0"]
[WhiteTitle "WGM"]
[BlackTitle "IM"]
[WhiteElo "2459"]
[BlackElo "2443"]
[WhiteFideId "8608059"]
[BlackFideId "13403729"]
[EventDate "2021.04.08"]

1. e4 c5 2. Nf3 d6 3. Bb5+ Bd7 4. Bxd7+ Nxd7 5. O-O Ngf6 6. Qe2 Rc8 7. Rd1 g6 8.
b3 Bg7 9. Bb2 e5 10. c4 Nf8 11. Nc3 Ne6 12. Nd5 Nh5 13. g3 O-O 14. Ne1 Qe8 15.
Ng2 f5 16. f3 Qf7 17. Rf1 f4 18. g4 Nf6 19. h4 Nd7 20. a3 Nb8 21. Ne1 Nc6 22.
Nc2 Na5 23. Qd3 Rfd8 24. Kg2 a6 25. Rab1 Nc6 26. b4 h6 27. Qe2 Kh7 28. Bc3 Ned4
29. Bxd4 exd4 30. bxc5 dxc5 31. d3 Ne5 32. Rb6 Rc6 33. Rfb1 Rd7 34. Ne1 g5 35.
h5 Rxb6 36. Rxb6 Nc6 37. Qb2 Be5 38. Kf2 Bb8 39. Qd2 Ba7 40. Rb1 Ne5 41. Ke2 Qe6
42. Kf1 Kg7 43. Rb3 Rf7 44. Qb2 Qd7 45. Qb1 Qc6 46. Ke2 Qd7 47. Rb2 Kf8 48. Kf2
Qc6 49. Qd1 Ke8 50. Kf1 Kd8 51. Rb1 Kc8 52. Nc2 Kb8 53. Na1 Ka8 54. Nb3 Qa4 55.
Ke2 Qxa3 56. Qc2 Qa4 57. Nxd4 Qd7 58. Nf5 Nc6 59. Kf2 Qe6 60. Qb2 Bb8 61. Qa3
Ba7 62. Kg2 Qe5 63. Nxh6 Rd7 64. Nf5 Nd4 65. Nxd4 Qxd4 66. Rb3 Qg7 67. Qb2 Qh6
68. Qe5 Bb8 69. Qe8 Rg7 70. Nb6+ Ka7 71. Nc8+ Ka8 72. Nb6+ Ka7 73. Nd7 Bc7 74.
Nxc5 b6 75. Ne6 1-0

[Event "Baer Polgar Challenge"]
[Site "chess24.com INT"]
[Date "2021.04.11"]
[Round "16.2"]
[White "Nihal, Sarin"]
[Black "Murzin, Volodar"]
[Result "0-1"]
[WhiteTitle "GM"]
[BlackTitle "IM"]
[WhiteElo "2620"]
[BlackElo "2478"]
[WhiteFideId "25092340"]
[BlackFideId "44155573"]
[EventDate "2021.04.08"]

1. Nf3 Nf6 2. c4 c6 3. d4 d5 4. e3 Bf5 5. Nc3 e6 6. Nh4 Be4 7. f3 Bg6 8. Qb3 Qc7
9. Bd2 Nbd7 10. cxd5 exd5 11. Rc1 Be7 12. g3 Qb6 13. Nxg6 hxg6 14. Kf2 Nf8 15.
Qxb6 axb6 16. a3 Ne6 17. Bd3 g5 18. h3 g6 19. Ne2 Kf8 20. Kg2 Kg7 21. Bc3 Rhd8
22. Rhd1 Kg8 23. Rd2 Bf8 24. Rf1 Bg7 25. Rdd1 b5 26. Bb1 Ne8 27. f4 gxf4 28.
exf4 Nd6 29. g4 Re8 30. Ng3 Nc4 31. Kf3 c5 32. dxc5 Bxc3 33. bxc3 Rxa3 34. Ne2
d4 35. Nxd4 Rxc3+ 36. Kf2 Ne3 37. Nxb5 Nxd1+ 38. Rxd1 Rxh3 39. Nd6 Rd8 40. Rc1
Nxc5 41. Nxf7 Rd2+ 42. Ke1 Rb2 43. Bc2 Kxf7 44. Kd2 Nb3+ 0-1

[Event "Baer Polgar Challenge"]
[Site "chess24.com INT"]
[Date "2021.04.11"]
[Round "16.3"]
[White "Badelka, Olga"]
[Black "Abdusattorov, Nodirbek"]
[Result "0-1"]
[WhiteTitle "IM"]
[BlackTitle "GM"]
[WhiteElo "2433"]
[BlackElo "2627"]
[WhiteFideId "13509926"]
[BlackFideId "14204118"]
[EventDate "2021.04.08"]

1. Nf3 Nf6 2. g3 b6 3. Bg2 Bb7 4. d4 e6 5. O-O Be7 6. c4 O-O 7. Nc3 Na6 8. Re1
Ne4 9. Bd2 Bf6 10. Qc2 Nxc3 11. Bxc3 d5 12. Ne5 c5 13. e3 Bxe5 14. dxe5 Nc7 15.
Rad1 Qe7 16. f4 Rad8 17. Qa4 a6 18. Qc2 b5 19. b3 b4 20. Bb2 Ba8 21. cxd5 Nxd5
22. Rc1 Rc8 23. e4 Nb6 24. Qd3 c4 25. bxc4 Rfd8 26. Qe2 Qc5+ 27. Kh1 a5 28. f5
Nxc4 29. f6 Rd2 30. Qxd2 Nxd2 31. Rxc5 Rxc5 32. Rd1 Rc2 33. Bc1 gxf6 34. exf6 h5
35. Bxd2 Rxa2 36. Be3 b3 37. Bd4 a4 38. Bf3 a3 39. Be5 b2 40. Rb1 Bc6 41. Kg1
Bb5 42. Bd1 Bd3 43. Bb3 Bxb1 44. Bxa2 Bxa2 0-1

[Event "Baer Polgar Challenge"]
[Site "chess24.com INT"]
[Date "2021.04.11"]
[Round "16.5"]
[White "Yip, Carissa"]
[Black "Abdumalik, Zhansaya"]
[Result "0-1"]
[WhiteTitle "IM"]
[BlackTitle "IM"]
[WhiteElo "2430"]
[BlackElo "2472"]
[WhiteFideId "2090732"]
[BlackFideId "13703544"]
[EventDate "2021.04.08"]

1. e4 c5 2. Nf3 a6 3. c4 e6 4. Nc3 b6 5. d4 cxd4 6. Nxd4 Bb7 7. Bd3 Qc7 8. O-O
Nf6 9. Qe2 d6 10. Kh1 Nbd7 11. f4 Be7 12. Bd2 g6 13. b4 Rc8 14. f5 gxf5 15. exf5
e5 16. Nf3 Rg8 17. Rac1 Qb8 18. Ng5 Qa8 19. Nge4 Nxe4 20. Bxe4 Nf6 21. Bxb7 Qxb7
22. Be3 Rxc4 23. Rc2 Rcg4 24. Rg1 Rh4 25. b5 Ng4 26. Rgc1 Rxh2+ 27. Kg1 Nxe3 28.
Kxh2 Rxg2+ 29. Qxg2 Nxg2 30. Rxg2 a5 31. Rd1 Qf3 32. Ne2 Qh5+ 33. Kg1 Bg5 34.
Rd3 h6 35. Nc3 Qh4 36. Nd5 Qe1+ 37. Kh2 Qe4 38. Rd1 Qxf5 39. Rgg1 Qc2+ 40. Kh3
Qxa2 41. Nxb6 Qb3+ 42. Kg4 Qe6+ 43. Kg3 Bf4+ 44. Kf2 Qa2+ 45. Kf1 Bg5 46. Nd5
Kd7 47. b6 Kc6 48. Rg3 Bh4 49. Rc3+ Kd7 50. Kg1 Qf2+ 51. Kh1 Bg3 52. Nf6+ Qxf6
53. Rxg3 Qh4+ 54. Kg2 Qb4 55. Rf3 f5 0-1

[Event "Baer Polgar Challenge"]
[Site "chess24.com INT"]
[Date "2021.04.11"]
[Round "16.6"]
[White "Praggnanandhaa, R"]
[Black "Mendonca, Leon Luke"]
[Result "1-0"]
[WhiteTitle "GM"]
[BlackTitle "IM"]
[WhiteElo "2608"]
[BlackElo "2549"]
[WhiteFideId "25059530"]
[BlackFideId "35028561"]
[EventDate "2021.04.08"]

1. d4 Nf6 2. c4 c6 3. Nf3 d5 4. e3 Bf5 5. Nc3 e6 6. Nh4 Be4 7. f3 Bg6 8. Qb3 Qc7
9. cxd5 Nxd5 10. g3 Be7 11. Nxg6 hxg6 12. Kf2 Nd7 13. e4 N5f6 14. Kg2 O-O 15.
Be2 c5 16. Bf4 Qa5 17. d5 e5 18. Bg5 Qc7 19. Rac1 a6 20. a4 Bd6 21. Nb1 Rab8 22.
Na3 Rfc8 23. Rc2 Ne8 24. h4 Ndf6 25. Rhc1 Be7 26. a5 Qxa5 27. Nc4 Qc7 28. Nb6
Rd8 29. Be3 Nd7 30. Nxd7 Qxd7 31. Qb6 Rdc8 32. Bf1 Bd8 33. Qb3 Be7 34. Kh2 b5
35. Bh3 Qc7 36. Bxc8 Rxc8 37. Bxc5 Bxc5 38. Rxc5 Qxc5 39. Rxc5 Rxc5 40. Qa3 Rc2+
41. Kh3 Nf6 42. d6 Rf2 43. Qxa6 Rxf3 44. Qc8+ Kh7 45. d7 Nxd7 46. Qxd7 b4 47.
Qe7 b3 48. Qxe5 Rd3 49. Qb5 Re3 50. Qc4 f6 51. Kg2 1-0